00960nam a22002417a 4500003000400000005001700004008004100021020001800062040002900080050002600109100002700135245009400162260003900256300001600295650005500311650005000366650005100416700002700467700002500494942001500519952016700534999001700701OSt20260619110346.0260619b |||||||| |||| 00| 0 eng d a9781934009321 cChuka University Library aLB 2822.82b.D84 2008 aDuFour, Richard928615 aRevisiting Professional Learning Communities at Work : New Insights for Improving schools aIndianabSolution Tree Pressc2008 axxii, 520pp aSchool improvement programs - United States928059 aTeachers - Training of - United states927707 aGroup work in education - United States928944 aDuFour, Rebecca930381 aEaker, Robert930382 2lcccBKn0 00102lcc40708LGLaCHKbCHKcGENd2026-06-19eDonations from books of Africag1657.65l0oLB 2822.82 .D84 2008p35579/2026r2026-06-19 11:07:00w2026-06-19yBK c24866d24866